BCIS civil engineering market report (Record no. 112969)

MARC details
000 -LEADER
fixed length control field 01155cad a22002655a 4500
001 - CONTROL NUMBER
control field L154391
008 - FIXED-LENGTH DATA ELEMENTS--GENERAL INFORMATION
fixed length control field 111123s2011 xxkd f s 000 0 eng d
035 ## - SYSTEM CONTROL NUMBER
System control number (Sirsi) u154391
041 0# - LANGUAGE CODE
Language code of text/sound track or separate title eng
110 2# - MAIN ENTRY--CORPORATE NAME
Corporate name or jurisdiction name as entry element Building Cost Information Service
9 (RLIN) 1096
245 00 - TITLE STATEMENT
Title BCIS civil engineering market report
Medium [electronic resource]
260 ## - PUBLICATION, DISTRIBUTION, ETC.
Place of publication, distribution, etc. [S.l.]
Name of publisher, distributor, etc. BCIS
Date of publication, distribution, etc. 2011
490 #0 - SERIES STATEMENT
Series statement BCIS Civil Engineering Market Report
Volume/sequential designation October 2011
505 2# - FORMATTED CONTENTS NOTE
Formatted contents note Summary -- Market size -- Trends in demand -- Trends in costs -- Demand forecast -- Cost forecast
520 ## - SUMMARY, ETC.
Summary, etc. Gives an overview of the current state of the market, including trends and size, and includes predictions for the forthcoming year.
521 ## - TARGET AUDIENCE NOTE
Target audience note Advanced
590 ## - LOCAL NOTE (RLIN)
Local note KA NTK
650 24 - SUBJECT ADDED ENTRY--TOPICAL TERM
Topical term or geographic name entry element BCIS GENERAL BUILDING COST INDEX
650 24 - SUBJECT ADDED ENTRY--TOPICAL TERM
Topical term or geographic name entry element BCIS GENERAL CIVIL ENGINEERING INDEX
651 #4 - SUBJECT ADDED ENTRY--GEOGRAPHIC NAME
Geographic name England and Wales
Chronological subdivision 1543-
690 ## - LOCAL SUBJECT ADDED ENTRY--TOPICAL TERM (OCLC, RLIN)
Topical term or geographic name as entry element BUILT ENVIRONMENT-ENGINEERING-CIVIL ENGINEERING
690 ## - LOCAL SUBJECT ADDED ENTRY--TOPICAL TERM (OCLC, RLIN)
Topical term or geographic name as entry element BUILT ENVIRONMENT-CONSTRUCTION MARKET
856 40 - ELECTRONIC LOCATION AND ACCESS
Uniform Resource Identifier <a href="https://www.bcis.co.uk/downloads/Civil_Engineering_Market_Report_October_2011.pdf">https://www.bcis.co.uk/downloads/Civil_Engineering_Market_Report_October_2011.pdf</a>
Public note View this report free of charge at www.bcis.co.uk.
942 ## - ADDED ENTRY ELEMENTS (KOHA)
Suppress in OPAC 0
Holdings
Withdrawn status Lost status Source of classification or shelving scheme Damaged status Not for loan Home library Current library Shelving location Date acquired Total Checkouts Full call number Barcode Date last seen Copy number Price effective from Koha item type
    Dewey Decimal Classification     Virtual Virtual Online 23/11/2011   ONLINE PUBLICATION 154391-2001 06/08/2019 1 06/08/2019 Book